Memoria acerca del estado del Instituto de Segunda Enseñanza de Burgos durante el curso escolar de 1887-88 / (Record no. 176685)

MARC details
000 -LEADER
campo de control de longitud fija 00849nam a2200205 i 4500
001 - NÚMERO DE CONTROL
campo de control 176685
003 - IDENTIFICADOR DE NÚMERO DE CONTROL
campo de control ES-MaACL
005 - FECHA Y HORA DE LA ÚLTIMA TRANSACCIÓN
campo de control 20230906220148.0
008 - DATOS DE LONGITUD FIJA--INFORMACIÓN GENERAL
campo de control de longitud fija 110202s1888 sp |||| | spa d
080 ## - NÚMERO DE LA CLASIFICACIÓN DECIMAL UNIVERSAL
Número de la Clasificación Decimal Universal 378.5(460.182 B.)(060.55)
110 2# - ENTRADA PRINCIPAL--NOMBRE DE ENTIDAD CORPORATIVA
Nombre de entidad corporativa o nombre de jurisdicción como elemento de entrada Instituto Provincial de Segunda Enseñanza de Burgos.
9 (RLIN) 144975
245 10 - MENCIÓN DEL TÍTULO
Título Memoria acerca del estado del Instituto de Segunda Enseñanza de Burgos durante el curso escolar de 1887-88 /
Mención de responsabilidad, etc. [por Rafael de la Vega y Areta].
260 ## - PUBLICACIÓN, DISTRIBUCIÓN, ETC.
Lugar de publicación, distribución, etc. Burgos :
Nombre del editor, distribuidor, etc. [s.n.],
Fecha de publicación, distribución, etc. 1888 (
Fabricante Imp. y est. de Polo)
300 ## - DESCRIPCIÓN FÍSICA
Extensión 51 p. ;
Dimensiones 21 cm.
594 ## - Nota al título y mención de responsabilidad
Nota al título y mención de responsabilidad Precede al tít en cubierta: Instituto de Burgos.
594 ## - Nota al título y mención de responsabilidad
Nota al título y mención de responsabilidad Autor anotado a mano, no impreso.
610 24 - PUNTO DE ACCESO ADICIONAL DE MATERIA--NOMBRE DE ENTIDAD CORPORATIVA
Nombre de entidad corporativa o nombre de jurisdicción como elemento de entrada Instituto Provincial de Segunda Enseñanza de Burgos-
Subdivisión de forma Memorias.
9 (RLIN) 144972
700 1# - ENTRADA AGREGADA--NOMBRE PERSONAL
Nombre de persona Vega y Areta, Rafael de.
9 (RLIN) 133583
852 ## - LOCALIZACIÓN
Ubicación ES-MaACL
Número de control de estantería T-867-F-4
Holdings
Estatus retirado Estado de pérdida Estado de daño No para préstamo Colección Biblioteca de origen Biblioteca actual Ubicación en estantería Fecha de adquisición Total de préstamos Signatura topográfica completa Código de barras Visto por última vez Precio de reemplazo Tipo de ítem Koha
        Colección de folletos Biblioteca del Ateneo de Madrid Biblioteca del Ateneo de Madrid Depósito folletos 02/02/2011   T-867-F-4 1185557 23/02/2023 23/02/2023 Folleto